000 00700nam a2200217 a 4500
008 951123s1982||||[C 0 slo c
020 _c35 Kčs.
_q(20000 výtl.)
040 _aSNK
_bslo
_cSNK
_eAACR2
041 1 _aslo
_hspa
044 _axo
_cSK
080 _a860 (85)-3
100 1 _aLlosa Vargas, Mario
_d1936-
_4aut
245 1 0 _aZelený dom
_cMario Vargas Llosa ; Oľga Hlaváčová, Jarmila Srnenská, Ľudmila Karásková
250 _a1., vyd.
260 _aBratislava
_bPravda
_c1982
_eBratislava
_fPravda
500 _aIlustr. na front. a predsádkach.
700 1 _aHlaváčová, Oľga
_4trl
700 1 _aSrnenská, Jarmila
_4[ADC]
700 1 _aKarásková, Ľudmila
_4bkd
958 _aA
999 _c12092
_d12092